[Event "ESTCC 50 2019"]
[Site "Mali Losinj"]
[Date "2019.09.21"]
[Round "4.18"]
[White "Fox, Anthony"]
[Black "Olsen, Oystein Leif"]
[Result "1/2-1/2"]
[WhiteElo "2023"]
[BlackElo "1974"]
[Annotator "NA"]
[PlyCount "61"]
[EventDate "2019.09.18"]
[EventType "team-tourn"]
[EventCountry "CRO"]
[SourceTitle "playchess.com"]
[Source "ChessBase"]
[SourceQuality "1"]
[WhiteTeam "Ireland"]
[BlackTeam "Norway"]
[WhiteTeamCountry "IRL"]
[BlackTeamCountry "NOR"]
[TimeControl "40/5400+30:1800+30"]

1. e4 {[%emt 0:00:30]} c5 {[%emt 0:04:30]} 2. Nc3 {[%emt 0:00:00]} Nc6 {[%emt 0:00:00]} 3. g3 {[%emt 0:00:00]} g6 {[%emt 0:00:00]} 4. Bg2 {[%emt 0:00:30]} Bg7 {[%emt 0:00:30]} 5. Nge2 {[%emt 0:00:30]} e6 {[%emt 0:02:30]} 6. O-O {[%emt 0:00:30]} Nge7 {[%emt 0:00:30]} 7. d3 {[%emt 0:03:30]} O-O {[%emt 0:00:00]} 8. Rb1 {[%emt 0:04:30]} d6 {[%emt 0:05:00]} 9. a3 {[%emt 0:00:30]} Rb8 {[%emt 0:02:30]} 10. b4 {[%emt 0:02:30]} b6 {[%emt 0:02:30]} 11. b5 {[%emt 0:02:30]} Nd4 {[%emt 0:00:30]} 12. Nxd4 {[%emt 0:14:30]} cxd4 {[%emt 0:02:30]} 13. Ne2 {[%emt 0:00:00]} Qc7 {[%emt 0:03:30]} 14. Bb2 {[%emt 0:03:00]} e5 {[%emt 0:03:30]} 15. c3 {[%emt 0:02:30]} dxc3 {[%emt 0:02:30]} 16. Bxc3 {[%emt 0:01:30]} Be6 {[%emt 0:03:30]} 17. Qd2 {[%emt 0:03:30]} Rbc8 {[%emt 0:01:30]} 18. Rfc1 {[%emt 0:00:30]} Qb8 {[%emt 0:03:30]} 19. Bb4 {[%emt 0:01:30]} Rfd8 {[%emt 0:18:30]} 20. Rb2 {[%emt 0:17:30]} Bf8 {[%emt 0:06:30]} 21. Rbc2 {[%emt 0:03:30]} Rxc2 {[%emt 0:08:30]} 22. Rxc2 {[%emt 0:01:30]} d5 {[%emt 0:03:30]} 23. exd5 {[%emt 0:11:30]} Nxd5 {[%emt 0:00:30]} 24. Bxf8 {[%emt 0:00:30]} Kxf8 {[%emt 0:02:30]} 25. Bh3 {[%emt 0:16:00]} Bxh3 {[%emt 0:05:26]} 26. Qh6+ {[%emt 0:00:05]} Kg8 {[%emt 0:00:29]} 27. Qxh3 {[%emt 0:00:08]} Ne7 {[%emt 0:03:04]} 28. Rc3 {[%emt 0:02:01]} Rd5 {[%emt 0:02:53]} 29. a4 {[%emt 0:01:11]} Qd6 {[%emt 0:00:38]} 30. Qh4 {[%emt 0:01:09]} Nf5 {[%emt 0:00:51]} 31. Qc4 {[%emt 0:00:58]} 1/2-1/2

[Event "ESTCC 50 2019"]
[Site "Mali Losinj"]
[Date "2019.09.21"]
[Round "4.19"]
[White "Andersen, Per O"]
[Black "Lyons, Brendan"]
[Result "1/2-1/2"]
[WhiteElo "1971"]
[BlackElo "1971"]
[Annotator "NA"]
[PlyCount "61"]
[EventDate "2019.09.18"]
[EventType "team-tourn"]
[EventCountry "CRO"]
[SourceTitle "playchess.com"]
[Source "ChessBase"]
[SourceQuality "1"]
[WhiteTeam "Norway"]
[BlackTeam "Ireland"]
[WhiteTeamCountry "NOR"]
[BlackTeamCountry "IRL"]
[TimeControl "40/5400+30:1800+30"]

1. Nf3 {[%emt 0:00:30]} d5 {[%emt 0:03:30]} 2. e3 {[%emt 0:00:30]} Bf5 {[%emt 0:02:30]} 3. c4 {[%emt 0:00:30]} e6 {[%emt 0:04:30]} 4. Nc3 {[%emt 0:02:30]} c6 {[%emt 0:01:30]} 5. Qb3 {[%emt 0:05:30]} Qb6 {[%emt 0:04:30]} 6. Qxb6 {[%emt 0:06:30]} axb6 {[%emt 0:00:30]} 7. cxd5 {[%emt 0:01:30]} exd5 {[%emt 0:00:30]} 8. b3 {[%emt 0:09:30]} b5 {[%emt 0:06:30]} 9. Nd4 {[%emt 0:06:30]} Bg6 {[%emt 0:03:30]} 10. Nce2 {[%emt 0:03:30]} Bd6 {[%emt 0:08:30]} 11. f4 {[%emt 0:01:30]} Bd3 {[%emt 0:14:30]} 12. Ng3 {[%emt 0:03:30]} Bxf1 {[%emt 0:02:30]} 13. Rxf1 {[%emt 0:04:30]} Na6 {[%emt 0:01:30]} 14. Bb2 {[%emt 0:03:30]} f6 {[%emt 0:10:30]} 15. Ngf5 {[%emt 0:09:30]} Bf8 {[%emt 0:00:00]} 16. Ke2 {[%emt 0:01:30]} Kf7 {[%emt 0:01:00]} 17. g4 {[%emt 0:03:30]} Nc7 {[%emt 0:10:30]} 18. g5 {[%emt 0:02:30]} g6 {[%emt 0:00:30]} 19. Ng3 {[%emt 0:01:30]} Ba3 {[%emt 0:02:30]} 20. Bxa3 {[%emt 0:05:30]} Rxa3 {[%emt 0:00:30]} 21. Nc2 {[%emt 0:00:30]} Ra7 {[%emt 0:00:51]} 22. a4 {[%emt 0:00:30]} bxa4 {[%emt 0:01:17]} 23. Rxa4 {[%emt 0:00:30]} Rxa4 {[%emt 0:00:53]} 24. bxa4 {[%emt 0:00:30]} Ne7 {[%emt 0:02:30]} 25. gxf6 {[%emt 0:00:30]} Kxf6 {[%emt 0:00:23]} 26. Rb1 {[%emt 0:00:30]} b5 {[%emt 0:04:03]} 27. axb5 {[%emt 0:00:30]} Nxb5 {[%emt 0:00:15]} 28. Ra1 {[%emt 0:02:30]} Rb8 {[%emt 0:00:51]} 29. Ra6 {[%emt 0:01:30]} Nc7 {[%emt 0:00:41]} 30. Ra7 {[%emt 0:01:30]} Nb5 {[%emt 0:00:09]} 31. Ra6 {[%emt 0:00:30]} 1/2-1/2

[Event "ESTCC 50 2019"]
[Site "Mali Losinj"]
[Date "2019.09.21"]
[Round "4.20"]
[White "Salter, David"]
[Black "Jenssen, Ove S"]
[Result "1-0"]
[WhiteElo "1882"]
[BlackElo "1827"]
[Annotator "NA"]
[PlyCount "120"]
[EventDate "2019.09.18"]
[EventType "team-tourn"]
[EventCountry "CRO"]
[SourceTitle "playchess.com"]
[Source "ChessBase"]
[SourceQuality "1"]
[WhiteTeam "Ireland"]
[BlackTeam "Norway"]
[WhiteTeamCountry "IRL"]
[BlackTeamCountry "NOR"]
[TimeControl "40/5400+30:1800+30"]

1. d4 {[%emt 0:00:30]} Nf6 {[%emt 0:00:30]} 2. Nf3 {[%emt 0:00:00]} d5 {[%emt 0:00:30]} 3. e3 {[%emt 0:00:00]} Bg4 {[%emt 0:00:00]} 4. h3 {[%emt 0:00:30]} Bh5 {[%emt 0:00:00]} 5. g4 {[%emt 0:00:30]} Bg6 {[%emt 0:00:30]} 6. Ne5 {[%emt 0:00:30]} e6 {[%emt 0:00:30]} 7. h4 {[%emt 0:02:30]} h6 {[%emt 0:05:30]} 8. Nxg6 {[%emt 0:02:30]} fxg6 {[%emt 0:00:00]} 9. Qd3 {[%emt 0:03:30]} Nc6 {[%emt 0:15:00]} 10. Qxg6+ {[%emt 0:00:30]} Kd7 {[%emt 0:00:30]} 11. Nc3 {[%emt 0:04:30]} Ne7 {[%emt 0:01:30]} 12. Qd3 {[%emt 0:06:30]} Nxg4 {[%emt 0:01:30]} 13. Bh3 {[%emt 0:00:30]} h5 {[%emt 0:01:30]} 14. f3 {[%emt 0:02:30]} Nf6 {[%emt 0:01:30]} 15. Qb5+ {[%emt 0:02:30]} Kc8 {[%emt 0:05:30]} 16. Bxe6+ {[%emt 0:04:30]} Kb8 {[%emt 0:02:30]} 17. Ne2 {[%emt 0:04:30]} a6 {[%emt 0:01:30]} 18. Qd3 {[%emt 0:01:30]} Qd6 {[%emt 0:06:30]} 19. Bh3 {[%emt 0:03:30]} Nc6 {[%emt 0:01:30]} 20. Bd2 {[%emt 0:01:30]} Nb4 {[%emt 0:03:30]} 21. Qb3 {[%emt 0:00:30]} Nc6 {[%emt 0:04:30]} 22. O-O-O {[%emt 0:00:30]} Ka7 {[%emt 0:01:30]} 23. Be1 {[%emt 0:02:30]} Re8 {[%emt 0:02:30]} 24. Nf4 {[%emt 0:10:30]} g6 {[%emt 0:10:30]} 25. Nxg6 {[%emt 0:03:30]} Bh6 {[%emt 0:00:30]} 26. Nxh8 {[%emt 0:00:00]} Rxe3 {[%emt 0:00:30]} 27. Kb1 {[%emt 0:09:00]} Rxb3 {[%emt 0:00:30]} 28. axb3 {[%emt 0:00:00]} Be3 {[%emt 0:03:30]} 29. Bc3 {[%emt 0:10:00]} b5 {[%emt 0:03:30]} 30. Nf7 {[%emt 0:02:30]} Qf4 {[%emt 0:00:30]} 31. Ne5 {[%emt 0:01:30]} Kb7 {[%emt 0:07:30]} 32. Nd3 {[%emt 0:11:12]} Qh6 {[%emt 0:00:30]} 33. Nc5+ {[%emt 0:00:31]} Kb6 {[%emt 0:00:30]} 34. b4 {[%emt 0:01:03]} Qf4 {[%emt 0:01:23]} 35. Bc8 {[%emt 0:03:58]} Nxd4 {[%emt 0:03:44]} 36. Bxd4 {[%emt 0:00:29]} Bxd4 {[%emt 0:01:06]} 37. Ne6 {[%emt 0:00:02]} Qxf3 {[%emt 0:01:09]} 38. Nxd4 {[%emt 0:00:06]} Qg3 {[%emt 0:04:59]} 39. c3 {[%emt 0:00:33]} Ne4 {[%emt 0:00:39]} 40. Rdg1 {[%emt 0:02:03]} Qd3+ {[%emt 0:01:08]} 41. Ka1 {[%emt 0:32:48]} Nd6 {[%emt 0:31:50]} 42. Rd1 {[%emt 0:00:44]} Qe4 {[%emt 0:07:10]} 43. Be6 {[%emt 0:00:00]} Nc4 {[%emt 0:00:00]} 44. Bf5 {[%emt 0:00:00]} Qg2 {[%emt 0:00:00]} 45. Bc2 {[%emt 0:00:00]} Ne3 {[%emt 0:00:00]} 46. Rc1 {[%emt 0:00:00]} a5 {[%emt 0:00:00]} 47. bxa5+ {[%emt 0:00:00]} Kxa5 {[%emt 0:00:00]} 48. Bb3 {[%emt 0:00:00]} c5 {[%emt 0:00:00]} 49. Nc2 {[%emt 0:00:00]} Ng4 {[%emt 0:00:00]} 50. Kb1 {[%emt 0:00:00]} c4 {[%emt 0:00:00]} 51. Ba2 {[%emt 0:00:00]} Qe4 {[%emt 0:00:00]} 52. Rhe1 {[%emt 0:00:00]} Qg6 {[%emt 0:00:00]} 53. Ka1 {[%emt 0:00:00]} Nf2 {[%emt 0:00:00]} 54. Rg1 {[%emt 0:01:48]} Qe4 {[%emt 0:00:00]} 55. Bb1 {[%emt 0:01:46]} Qxh4 {[%emt 0:00:00]} 56. Nb4 {[%emt 0:00:59]} Ng4 {[%emt 0:00:00]} 57. Rce1 {[%emt 0:00:47]} Kb6 {[%emt 0:00:55]} 58. Rgf1 {[%emt 0:00:48]} Nf2 {[%emt 0:07:44]} 59. Nxd5+ {[%emt 0:00:23]} Kc6 {[%emt 0:00:12]} 60. Nb4+ {[%emt 0:00:19]} Kd6 {[%emt 0:01:31]} 1-0

[Event "ESTCC 50 2019"]
[Site "Mali Losinj"]
[Date "2019.09.21"]
[Round "4.21"]
[White "Burchardt, Brigitte"]
[Black "Jackson, Sheila"]
[Result "1/2-1/2"]
[WhiteElo "2092"]
[BlackElo "2046"]
[Annotator "NA"]
[PlyCount "55"]
[EventDate "2019.09.18"]
[EventType "team-tourn"]
[EventCountry "CRO"]
[SourceTitle "playchess.com"]
[Source "ChessBase"]
[SourceQuality "1"]
[WhiteTeam "Germany"]
[BlackTeam "England"]
[WhiteTeamCountry "GER"]
[BlackTeamCountry "ENG"]
[TimeControl "40/5400+30:1800+30"]

1. e4 {[%emt 0:00:30]} e5 {[%emt 0:00:30]} 2. Bc4 {[%emt 0:00:00]} Nf6 {[%emt 0:00:00]} 3. d3 {[%emt 0:00:00]} Bc5 {[%emt 0:04:00]} 4. Nf3 {[%emt 0:01:30]} d6 {[%emt 0:01:30]} 5. h3 {[%emt 0:02:30]} Nc6 {[%emt 0:00:00]} 6. c3 {[%emt 0:00:30]} Bb6 {[%emt 0:00:00]} 7. a4 {[%emt 0:04:30]} a6 {[%emt 0:00:30]} 8. O-O {[%emt 0:01:30]} h6 {[%emt 0:00:30]} 9. Re1 {[%emt 0:15:30]} O-O {[%emt 0:03:30]} 10. Nbd2 {[%emt 0:05:30]} Be6 {[%emt 0:03:30]} 11. b4 {[%emt 0:10:30]} Ba7 {[%emt 0:08:30]} 12. Bb2 {[%emt 0:10:30]} Re8 {[%emt 0:06:30]} 13. b5 {[%emt 0:05:30]} Bxc4 {[%emt 0:05:30]} 14. Nxc4 {[%emt 0:00:00]} Nb8 {[%emt 0:09:30]} 15. Qc2 {[%emt 0:13:00]} axb5 {[%emt 0:06:30]} 16. axb5 {[%emt 0:00:30]} Nbd7 {[%emt 0:00:30]} 17. d4 {[%emt 0:08:03]} exd4 {[%emt 0:04:30]} 18. cxd4 {[%emt 0:00:06]} d5 {[%emt 0:01:30]} 19. exd5 {[%emt 0:02:52]} Rxe1+ {[%emt 0:01:30]} 20. Rxe1 {[%emt 0:00:09]} Nxd5 {[%emt 0:00:30]} 21. Ne3 {[%emt 0:02:38]} N7f6 {[%emt 0:03:30]} 22. Nxd5 {[%emt 0:00:33]} Nxd5 {[%emt 0:00:30]} 23. Qc4 {[%emt 0:02:05]} Bb6 {[%emt 0:01:30]} 24. Re5 {[%emt 0:01:48]} Ne7 {[%emt 0:04:30]} 25. Qe2 {[%emt 0:00:28]} Nd5 {[%emt 0:01:30]} 26. Qc4 {[%emt 0:00:15]} Ne7 {[%emt 0:00:30]} 27. Qe2 {[%emt 0:01:02]} Nd5 {[%emt 0:00:00]} 28. Qc4 {[%emt 0:00:10]} 1/2-1/2

[Event "ESTCC 50 2019"]
[Site "Mali Losinj"]
[Date "2019.09.21"]
[Round "4.22"]
[White "Mashayekh, Majid"]
[Black "Wagner-Michel, Annett"]
[Result "1/2-1/2"]
[WhiteElo "1875"]
[BlackElo "2055"]
[Annotator "NA"]
[PlyCount "66"]
[EventDate "2019.09.18"]
[EventType "team-tourn"]
[EventCountry "CRO"]
[SourceTitle "playchess.com"]
[Source "ChessBase"]
[SourceQuality "1"]
[WhiteTeam "England"]
[BlackTeam "Germany"]
[WhiteTeamCountry "ENG"]
[BlackTeamCountry "GER"]
[TimeControl "40/5400+30:1800+30"]

1. d4 {[%emt 0:00:30]} d5 {[%emt 0:00:30]} 2. Nf3 {[%emt 0:00:00]} Nf6 {[%emt 0:00:00]} 3. c4 {[%emt 0:00:00]} e6 {[%emt 0:00:00]} 4. Nc3 {[%emt 0:01:30]} Be7 {[%emt 0:02:30]} 5. Bg5 {[%emt 0:01:30]} h6 {[%emt 0:00:30]} 6. Bh4 {[%emt 0:01:30]} O-O {[%emt 0:00:30]} 7. Qc2 {[%emt 0:00:30]} Nc6 {[%emt 0:10:30]} 8. e3 {[%emt 0:03:30]} a6 {[%emt 0:12:30]} 9. Ne5 {[%emt 0:13:30]} Nxe5 {[%emt 0:04:30]} 10. dxe5 {[%emt 0:00:00]} Ne4 {[%emt 0:11:30]} 11. Bxe7 {[%emt 0:02:00]} Qxe7 {[%emt 0:00:30]} 12. Bd3 {[%emt 0:01:30]} Nxc3 {[%emt 0:04:30]} 13. Qxc3 {[%emt 0:00:30]} c5 {[%emt 0:01:30]} 14. O-O {[%emt 0:05:30]} dxc4 {[%emt 0:02:30]} 15. Qxc4 {[%emt 0:06:30]} Rb8 {[%emt 0:08:30]} 16. Rac1 {[%emt 0:08:30]} b6 {[%emt 0:00:30]} 17. Be4 {[%emt 0:14:30]} Bb7 {[%emt 0:05:30]} 18. Bxb7 {[%emt 0:02:30]} Qxb7 {[%emt 0:00:30]} 19. Rfd1 {[%emt 0:01:30]} Rfd8 {[%emt 0:07:30]} 20. f3 {[%emt 0:02:30]} Rd5 {[%emt 0:02:30]} 21. Rxd5 {[%emt 0:05:30]} exd5 {[%emt 0:03:30]} 22. Qd3 {[%emt 0:01:30]} Rd8 {[%emt 0:02:27]} 23. f4 {[%emt 0:06:30]} g6 {[%emt 0:03:48]} 24. e6 {[%emt 0:02:00]} f5 {[%emt 0:03:17]} 25. g4 {[%emt 0:02:21]} fxg4 {[%emt 0:03:57]} 26. Qxg6+ {[%emt 0:01:25]} Qg7 {[%emt 0:00:02]} 27. Qh5 {[%emt 0:10:45]} Kf8 {[%emt 0:03:58]} 28. Rd1 {[%emt 0:02:13]} d4 {[%emt 0:01:36]} 29. e4 {[%emt 0:01:27]} d3 {[%emt 0:00:25]} 30. e5 {[%emt 0:00:21]} Ke7 {[%emt 0:00:29]} 31. Qh4+ {[%emt 0:01:13]} Ke8 {[%emt 0:01:01]} 32. Qh5+ {[%emt 0:00:36]} Ke7 {[%emt 0:00:33]} 33. Qh4+ {[%emt 0:00:53]} Ke8 {[%emt 0:00:02]} 1/2-1/2

[Event "ESTCC 50 2019"]
[Site "Mali Losinj"]
[Date "2019.09.21"]
[Round "4.23"]
[White "Kierzek, Mira"]
[Black "Wood, Peter R"]
[Result "0-1"]
[WhiteElo "2015"]
[BlackElo "1884"]
[Annotator "NA"]
[PlyCount "138"]
[EventDate "2019.09.18"]
[EventType "team-tourn"]
[EventCountry "CRO"]
[SourceTitle "playchess.com"]
[Source "ChessBase"]
[SourceQuality "1"]
[WhiteTeam "Germany"]
[BlackTeam "England"]
[WhiteTeamCountry "GER"]
[BlackTeamCountry "ENG"]
[TimeControl "40/5400+30:1800+30"]

1. d4 {[%emt 0:00:30]} Nf6 {[%emt 0:00:30]} 2. Nf3 {[%emt 0:00:00]} e6 {[%emt 0:00:30]} 3. e3 {[%emt 0:00:00]} c5 {[%emt 0:02:30]} 4. Bd3 {[%emt 0:02:30]} d5 {[%emt 0:03:30]} 5. b3 {[%emt 0:02:30]} Be7 {[%emt 0:06:30]} 6. O-O {[%emt 0:01:30]} Nbd7 {[%emt 0:01:30]} 7. Bb2 {[%emt 0:01:30]} b6 {[%emt 0:03:30]} 8. Nbd2 {[%emt 0:03:30]} Bb7 {[%emt 0:00:30]} 9. Ne5 {[%emt 0:00:30]} O-O {[%emt 0:12:30]} 10. Rc1 {[%emt 0:02:30]} Ne4 {[%emt 0:07:30]} 11. f3 {[%emt 0:13:30]} Nxd2 {[%emt 0:02:30]} 12. Qxd2 {[%emt 0:00:00]} cxd4 {[%emt 0:00:30]} 13. exd4 {[%emt 0:01:00]} Nxe5 {[%emt 0:07:30]} 14. dxe5 {[%emt 0:00:30]} Bc5+ {[%emt 0:00:30]} 15. Kh1 {[%emt 0:00:30]} Qe7 {[%emt 0:23:30]} 16. Rcd1 {[%emt 0:05:30]} Rfd8 {[%emt 0:03:30]} 17. Qe2 {[%emt 0:09:30]} a5 {[%emt 0:02:30]} 18. c3 {[%emt 0:13:30]} Qh4 {[%emt 0:01:46]} 19. a3 {[%emt 0:07:30]} Bc6 {[%emt 0:08:13]} 20. b4 {[%emt 0:03:30]} Bf8 {[%emt 0:00:36]} 21. Qe3 {[%emt 0:13:48]} Rab8 {[%emt 0:00:57]} 22. f4 {[%emt 0:02:15]} g6 {[%emt 0:01:58]} 23. Be2 {[%emt 0:05:26]} Qe7 {[%emt 0:00:32]} 24. Qf2 {[%emt 0:02:33]} Bg7 {[%emt 0:01:23]} 25. Qe3 {[%emt 0:01:33]} Ba4 {[%emt 0:00:35]} 26. Rc1 {[%emt 0:00:47]} Bb3 {[%emt 0:01:09]} 27. c4 {[%emt 0:01:42]} dxc4 {[%emt 0:00:26]} 28. Bxc4 {[%emt 0:00:08]} Bxc4 {[%emt 0:00:43]} 29. Rxc4 {[%emt 0:00:02]} Qd7 {[%emt 0:00:36]} 30. Rd4 {[%emt 0:01:06]} Qb5 {[%emt 0:01:00]} 31. Rfd1 {[%emt 0:01:18]} Rxd4 {[%emt 0:00:10]} 32. Qxd4 {[%emt 0:01:18]} Bf8 {[%emt 0:00:10]} 33. Bc3 {[%emt 0:01:16]} axb4 {[%emt 0:00:56]} 34. Bxb4 {[%emt 0:00:21]} Qa4 {[%emt 0:01:05]} 35. h3 {[%emt 0:00:41]} Qc6 {[%emt 0:01:04]} 36. Bd6 {[%emt 0:01:26]} Rc8 {[%emt 0:00:21]} 37. Qb4 {[%emt 0:00:30]} b5 {[%emt 0:01:12]} 38. Rb1 {[%emt 0:00:50]} Qc4 {[%emt 0:02:42]} 39. Kh2 {[%emt 0:01:45]} Bh6 {[%emt 0:00:31]} 40. Qxc4 {[%emt 0:00:36]} bxc4 {[%emt 0:00:10]} 41. g3 {[%emt 0:30:30]} c3 {[%emt 0:00:45]} 42. Kg2 {[%emt 0:00:00]} c2 {[%emt 0:01:30]} 43. Rc1 {[%emt 0:00:00]} g5 {[%emt 0:00:30]} 44. Kf3 {[%emt 0:00:00]} gxf4 {[%emt 0:00:30]} 45. gxf4 {[%emt 0:00:00]} Rc4 {[%emt 0:00:30]} 46. Ke2 {[%emt 0:00:00]} Bxf4 {[%emt 0:00:30]} 47. Rg1+ {[%emt 0:00:00]} Kh8 {[%emt 0:00:30]} 48. Be7 {[%emt 0:00:00]} Bxe5 {[%emt 0:00:30]} 49. Bg5 {[%emt 0:00:00]} Bb2 {[%emt 0:07:30]} 50. Bc1 {[%emt 0:00:00]} Bxc1 {[%emt 0:00:30]} 51. Rxc1 {[%emt 0:00:00]} Rc3 {[%emt 0:00:30]} 52. a4 {[%emt 0:00:00]} Ra3 {[%emt 0:03:30]} 53. Rxc2 {[%emt 0:00:00]} Rxa4 {[%emt 0:00:30]} 54. Rc3 {[%emt 0:00:00]} Kg7 {[%emt 0:00:30]} 55. Kf2 {[%emt 0:00:00]} f5 {[%emt 0:00:30]} 56. Kg3 {[%emt 0:00:00]} Kg6 {[%emt 0:00:30]} 57. Rc8 {[%emt 0:00:00]} e5 {[%emt 0:03:14]} 58. Re8 {[%emt 0:00:13]} Ra3+ {[%emt 0:01:34]} 59. Kg2 {[%emt 0:00:41]} e4 {[%emt 0:01:15]} 60. Rg8+ {[%emt 0:00:36]} Kh5 {[%emt 0:01:42]} 61. Rg7 {[%emt 0:01:18]} h6 {[%emt 0:01:21]} 62. Rg8 {[%emt 0:00:16]} Kh4 {[%emt 0:00:35]} 63. Rf8 {[%emt 0:01:22]} Ra2+ {[%emt 0:00:36]} 64. Kf1 {[%emt 0:00:25]} Kg5 {[%emt 0:00:51]} 65. Rg8+ {[%emt 0:00:24]} Kf4 {[%emt 0:00:31]} 66. Rh8 {[%emt 0:00:29]} Kf3 {[%emt 0:00:16]} 67. Kg1 {[%emt 0:01:29]} e3 {[%emt 0:00:25]} 68. Rb8 {[%emt 0:00:59]} Ra1+ {[%emt 0:01:18]} 69. Kh2 {[%emt 0:00:20]} e2 {[%emt 0:00:12]} 0-1

[Event "ESTCC 50 2019"]
[Site "Mali Losinj"]
[Date "2019.09.21"]
[Round "4.24"]
[White "Denning, Julie L"]
[Black "Leib, Britta"]
[Result "0-1"]
[WhiteElo "1629"]
[BlackElo "1883"]
[Annotator "NA"]
[PlyCount "66"]
[EventDate "2019.09.18"]
[EventType "team-tourn"]
[EventCountry "CRO"]
[SourceTitle "playchess.com"]
[Source "ChessBase"]
[SourceQuality "1"]
[WhiteTeam "England"]
[BlackTeam "Germany"]
[WhiteTeamCountry "ENG"]
[BlackTeamCountry "GER"]
[TimeControl "40/5400+30:1800+30"]

1. d4 {[%emt 0:00:30]} Nf6 {[%emt 0:00:30]} 2. c4 {[%emt 0:00:00]} g6 {[%emt 0:00:00]} 3. Nc3 {[%emt 0:00:00]} Bg7 {[%emt 0:00:00]} 4. e4 {[%emt 0:00:30]} d6 {[%emt 0:00:30]} 5. f4 {[%emt 0:00:30]} c5 {[%emt 0:17:30]} 6. dxc5 {[%emt 0:02:30]} Qa5 {[%emt 0:01:30]} 7. Qa4+ {[%emt 0:05:30]} Qxa4 {[%emt 0:01:30]} 8. Nxa4 {[%emt 0:00:00]} Nxe4 {[%emt 0:01:30]} 9. Bd3 {[%emt 0:06:00]} Nxc5 {[%emt 0:09:30]} 10. Nxc5 {[%emt 0:00:30]} dxc5 {[%emt 0:00:30]} 11. Nf3 {[%emt 0:00:30]} Nc6 {[%emt 0:03:30]} 12. Rb1 {[%emt 0:05:30]} Nb4 {[%emt 0:04:30]} 13. Be2 {[%emt 0:02:30]} Bf5 {[%emt 0:01:30]} 14. a3 {[%emt 0:02:30]} Bxb1 {[%emt 0:09:30]} 15. axb4 {[%emt 0:00:00]} cxb4 {[%emt 0:00:00]} 16. O-O {[%emt 0:00:00]} Be4 {[%emt 0:06:00]} 17. Nd2 {[%emt 0:07:30]} Bc6 {[%emt 0:09:30]} 18. b3 {[%emt 0:05:30]} e6 {[%emt 0:02:30]} 19. Nf3 {[%emt 0:04:30]} O-O {[%emt 0:08:30]} 20. Be3 {[%emt 0:00:30]} Bc3 {[%emt 0:01:30]} 21. Nd4 {[%emt 0:02:30]} Be4 {[%emt 0:01:23]} 22. Rc1 {[%emt 0:05:30]} Rfd8 {[%emt 0:01:45]} 23. Nb5 {[%emt 0:03:30]} Bd2 {[%emt 0:01:56]} 24. Bxd2 {[%emt 0:01:30]} Rxd2 {[%emt 0:00:08]} 25. Kf1 {[%emt 0:03:30]} a6 {[%emt 0:01:40]} 26. Ke1 {[%emt 0:01:30]} Rad8 {[%emt 0:01:55]} 27. Nc3 {[%emt 0:03:30]} bxc3 {[%emt 0:00:57]} 28. Rxc3 {[%emt 0:00:30]} Bxg2 {[%emt 0:00:49]} 29. Rg3 {[%emt 0:01:30]} Bc6 {[%emt 0:00:24]} 30. Rc3 {[%emt 0:00:30]} Rb2 {[%emt 0:01:01]} 31. Kf1 {[%emt 0:02:30]} Rd4 {[%emt 0:00:56]} 32. Kf2 {[%emt 0:04:30]} Rxf4+ {[%emt 0:01:51]} 33. Ke3 {[%emt 0:00:30]} Re4+ {[%emt 0:00:17]} 0-1

[Event "ESTCC 50 2019"]
[Site "Mali Losinj"]
[Date "2019.09.22"]
[Round "5.1"]
[White "Gleizerov, Evgeny"]
[Black "Krebs, Johann"]
[Result "1-0"]
[WhiteElo "2503"]
[BlackElo "2226"]
[Annotator "TA"]
[PlyCount "59"]
[EventDate "2019.09.18"]
[EventType "team-tourn"]
[EventCountry "CRO"]
[SourceTitle "playchess.com"]
[Source "ChessBase"]
[SourceQuality "1"]
[WhiteTeam "Russia"]
[BlackTeam "Austria"]
[WhiteTeamCountry "RUS"]
[BlackTeamCountry "AUT"]

{[%evp 19,59,10,6,33,28,8,21,0,13,29,46,54,34,-13,-26,-21,-37,-35,270,268,259,260,248,250,252,243,1721,1784,1707,1693,1656,1506,1179,1161,1154,1118,2267,872,2233,1985,2111,2095]} 1. d4 Nf6 2. c4 c5 3. d5 e6 4. Nc3 exd5 5. cxd5 d6 6. Nf3 g6 7. g3 Bg7 8. Bg2 O-O 9. O-O Re8 10. Bf4 Na6 11. Re1 {A62: Modern Benoni: Fianchetto Variation without early ...Nbd7} Ne4 (11... Bf5 12. Nd2 Nh5 13. e4 Nxf4 14. gxf4 Bd7 15. Nc4 Qf6 16. e5 Qxf4 17. Re4 Qh6 18. e6 fxe6 19. Nxd6 {1-0 (34) Wang,H (2718)-Iturrizaga Bonelli,E (2639) Sharjah 2019}) 12. Nxe4 Rxe4 13. Nd2 {The position is equal.} Rb4 14. Rb1 Bxb2 15. Rxb2 Rxb2 16. Qa1 $146 (16. Ne4 $5 {[%cal Rd1a1]} Rxa2 17. Bg5 $15) ({Predecessor:} 16. Ne4 f6 17. Qa1 Qa5 18. Nxf6+ Kf7 19. Nxh7 Qxa2 {1-0 (41) Arngrimsson,D (2385)-Florescu,C (2160) Arad 2013}) 16... Rb4 {Threatens to win with ...g5.} 17. Ne4 {[#]} Rxe4 $1 18. Bxe4 Bf5 $2 {[%mdl 8192]} (18... b5 $15 {stays ahead.}) 19. Bxf5 $18 gxf5 20. e4 Nc7 {[#]} 21. Bh6 $1 {[%csl Gh6][%cal Ra1g7]} f6 22. exf5 $40 {[%mdl 128] Black is in trouble.} Kf7 $2 (22... b5 23. Re4 Kh8) 23. Qd1 {Qh5+ would kill now.White is clearly winning.} Qd7 24. Qg4 {[%csl Gh6][%cal Rg4g7]} Ne8 {[#]} 25. Rxe8 $1 {[%mdl 576] Deflection} Kxe8 (25... Rxe8 26. Qg7#) 26. Qg8+ Ke7 27. Qxa8 {[%csl Gh6][%cal Ra8f8]} Qb5 28. Qf8+ Kd7 29. Qf7+ Kc8 30. Qe6+ {Accuracy: White = 70%, Black = 52%.} 1-0

[Event "ESTCC 50 2019"]
[Site "Mali Losinj"]
[Date "2019.09.22"]
[Round "5.2"]
[White "Wegerer, Fred"]
[Black "Shcherbakov, Ruslan"]
[Result "0-1"]
[WhiteElo "2171"]
[BlackElo "2516"]
[Annotator "TA"]
[PlyCount "35"]
[EventDate "2019.09.18"]
[EventType "team-tourn"]
[EventCountry "CRO"]
[SourceTitle "playchess.com"]
[Source "ChessBase"]
[SourceQuality "1"]
[WhiteTeam "Austria"]
[BlackTeam "Russia"]
[WhiteTeamCountry "AUT"]
[BlackTeamCountry "RUS"]

{[%evp 9,11,-28,-32,-40]} 1. g3 d5 2. Bg2 c6 3. d3 e5 4. Nd2 Nf6 5. h3 (5. Ngf3 Bd6 6. e4 dxe4 7. dxe4 O-O 8. O-O Qe7 9. b3 Bg4 10. Nc4 Bxf3 11. Qxd6 Qxd6 12. Nxd6 Bxg2 13. Kxg2 b6 14. Rd1 {1-0 (42) Duda,J (2717)-Wojtaszek,R (2736) Katowice 2017}) 5... Bd6 6. e4 {A00: Irregular Openings} {Predecessor:} O-O $146 7. Ngf3 Re8 8. O-O Nbd7 9. b3 a5 10. a3 Nf8 11. Re1 Ng6 12. Bb2 Bd7 13. Qe2 h6 14. Qf1 Qc7 15. Rac1 Rac8 16. c4 dxe4 17. Nxe4 Nxe4 18. dxe4 {0-1 (135) Klenburg,M (2376)-Golod,V (2538) Novy Bydzov 2002} 0-1